Statistics for WWE Finishers: Hard Mode

Click here to take the quiz!

General Stats

  • This quiz has been taken 18 times
  • The average score is 12 of 30

Answer Stats

FinisherWrestler% Correct
Axe/Scissors KickBooker T
69%
Bionic ElbowDusty Rhodes
69%
Natural SelectionCharlotte Flair
63%
DDTJake Roberts
63%
GoreRhyno
63%
Lasso from El Paso (Submission)Eddie Guerrero
56%
Starship PainJohn Morrison
56%
PlaymakerMVP
56%
Ballin' ElbowMVP
56%
WastelandWade Barret
56%
Lie DetectorR-Truth
50%
The WormScotty 2 Hotty
50%
High CrossSheamus
50%
From The HeavensMontez Ford
44%
Cross Armbreaker (Submission)Alberto Del Rio
38%
Cave-InCameron Grimes
38%
Devlin Side/Devil InsideJD McDonagh
38%
Fairytale EndingTommaso Ciampa
38%
PiledriverJerry 'The King' Lawler
31%
Spilt Milk (Tag Team)Pretty Deadly
31%
O-Zone (Old finisher)Randy Orton
31%
BirdbusterKoko B. Ware
25%
Canadian Backbreaker (Submission)Bruno Sammartino
19%
Axe Bomber (Old finisher)Hulk Hogan
19%
Suplex PiledriverScott Steiner
19%
Teardrop Suplex (Old finisher)Shawn Michaels
19%
Trip to the BatcaveBastion Booger
13%
Hammerlock (Submission)George 'The Animal' Steele
6%
Two-Handed ChokeslamThe Mountie
6%
Underwear SwipePhantasio
0%

Score Distribution

Percentile by Number Answered

Percent of People with Each Score

Your Score History

You have not taken this quiz